<?xml version="1.0" encoding="UTF-8"?>
<record
    xmlns:xsi="http://www.w3.org/2001/XMLSchema-instance"
    xsi:schemaLocation="http://www.loc.gov/MARC21/slim http://www.loc.gov/standards/marcxml/schema/MARC21slim.xsd"
    xmlns="http://www.loc.gov/MARC21/slim">

  <leader>03805nab a22006257  4500</leader>
  <controlfield tag="003">AR-RoUNA</controlfield>
  <datafield tag="022" ind1=" " ind2=" ">
    <subfield code="a">0327-9022</subfield>
  </datafield>
  <datafield tag="040" ind1=" " ind2=" ">
    <subfield code="a">AR-RoUNA</subfield>
    <subfield code="b">spa</subfield>
  </datafield>
  <datafield tag="041" ind1=" " ind2=" ">
    <subfield code="a">spa</subfield>
  </datafield>
  <datafield tag="044" ind1=" " ind2=" ">
    <subfield code="a">ag</subfield>
  </datafield>
  <datafield tag="245" ind1=" " ind2=" ">
    <subfield code="a">Summa +</subfield>
    <subfield code="b">Espacio P&#xFA;blico</subfield>
  </datafield>
  <datafield tag="260" ind1=" " ind2=" ">
    <subfield code="a">Buenos Aires ,</subfield>
    <subfield code="c">1993</subfield>
  </datafield>
  <datafield tag="300" ind1=" " ind2=" ">
    <subfield code="a">128 p. :</subfield>
    <subfield code="b">il. byn.</subfield>
    <subfield code="b">planos</subfield>
    <subfield code="c">34 X25 cm.</subfield>
  </datafield>
  <datafield tag="505" ind1="0" ind2=" ">
    <subfield code="t">INDICE</subfield>
  </datafield>
  <datafield tag="505" ind1="0" ind2=" ">
    <subfield code="t">ESPACIO PUBLICO</subfield>
  </datafield>
  <datafield tag="505" ind1="0" ind2=" ">
    <subfield code="a">Fernandez Castro Javier / Conceptos y Calificaciones. p. 4</subfield>
  </datafield>
  <datafield tag="505" ind1="0" ind2=" ">
    <subfield code="a">BOZA-MACCHI-VILA-Estudio VSV / Centro de Justicia de Santiago de Chile, 2005. p. 4</subfield>
  </datafield>
  <datafield tag="505" ind1="0" ind2=" ">
    <subfield code="a">Marc Angelil y Cary Siress / Shanghai: El monopolio del Planeamiento. p. 20</subfield>
  </datafield>
  <datafield tag="505" ind1="0" ind2=" ">
    <subfield code="a">DESDE EL BORDE / Arq. Rub&#xE9;n Edgardo Cabrera. Nueva Costanera ciudad de Paran&#xE1;, Entre R&#xED;os, 2004. p. 26</subfield>
  </datafield>
  <datafield tag="505" ind1="0" ind2=" ">
    <subfield code="a">Felicidad Paris Benito y Mar&#xED;a Jos&#xE9; De la Fuente   / Bah&#xED;a Bristol. Puesta en valor de la obra p&#xFA;blica de Bustillo, Mar del Plata. p. 32</subfield>
  </datafield>
  <datafield tag="505" ind1="0" ind2=" ">
    <subfield code="a">Pablo Allard y Jos&#xE9; Rosas / Parque inundable la Aguada. Recuperando un R&#xED;o Urbano Postindustrial en Santiago de Chile. p. 38</subfield>
  </datafield>
  <datafield tag="505" ind1="0" ind2=" ">
    <subfield code="a">Ra&#xED;ces Culturales / Undurraga y Deves arquitectos. Centro Cultural Palacio de la Moneda, Chile, 2005. p. 46</subfield>
  </datafield>
  <datafield tag="505" ind1="0" ind2=" ">
    <subfield code="a">Guillermina Abeledo / El Dominio de lo Latente. Plaza de Cisneros. p. 54</subfield>
  </datafield>
  <datafield tag="505" ind1="0" ind2=" ">
    <subfield code="a">Juan Manuel Pelaez Freidel y Luis Fernando Pel&#xE1;ez / Plaza de Cisneros, Medell&#xED;n, Colombia 2003 - 2005. p. 54</subfield>
  </datafield>
  <datafield tag="505" ind1="0" ind2=" ">
    <subfield code="a">Lorenzo Castro Jaramillo, Juan Camilo Santamar&#xED;a Delgado, Parque del agua, Santander, Colombia, 2004. p. 60</subfield>
  </datafield>
  <datafield tag="505" ind1="0" ind2=" ">
    <subfield code="a">Juan Felipe Uribe De Bedout / Conjunto Urbano Parque de los Deseos, Medell&#xED;n, Colombia, 2003. p. 62</subfield>
  </datafield>
  <datafield tag="505" ind1="0" ind2=" ">
    <subfield code="a">Mart&#xED;n Di Peco / Elementos de lo Publico. Posibilidad Asociativas y perform&#xE1;ticas de la Arquitectura, a trav&#xE9;s de dos obras del Estudio Colombiano Plan B. p. 66</subfield>
  </datafield>
  <datafield tag="505" ind1="0" ind2=" ">
    <subfield code="t">URBANISMO</subfield>
  </datafield>
  <datafield tag="505" ind1="0" ind2=" ">
    <subfield code="a">Guiraldes Pablo / Un movimiento por la ciudad. p. 68</subfield>
  </datafield>
  <datafield tag="505" ind1="0" ind2=" ">
    <subfield code="a">A la Altura de los &#xC1;ngeles / AGPS ARCHITECTURE. Telef&#xE9;rico de Portland, Oreg&#xF3;n, Estados Unidos, 2007. p. 72</subfield>
  </datafield>
  <datafield tag="505" ind1="0" ind2=" ">
    <subfield code="a">GRUPO ENTORNO. Concepto de ciudad Transitable. Bosque Temporal / Ecosistema Urbano. ECOBULEVAR DE VALLECAS. 2005 ( Madrid - Espa&#xF1;a). p  78</subfield>
  </datafield>
  <datafield tag="505" ind1="0" ind2=" ">
    <subfield code="a">BOSQUE TEMPORAL. Ecosistema Urbano. ECOBULEVAR DE VALLECAS. Grupo Entorno, Madrid, Espa&#xF1;a,. 2005. p. 78</subfield>
  </datafield>
  <datafield tag="505" ind1="0" ind2=" ">
    <subfield code="a">PERSIANA ONDULENTE. Nardi Associates LLP / Puente Dos Lagos, California, Estados Unidos, 2005. p. 84</subfield>
  </datafield>
  <datafield tag="505" ind1="0" ind2=" ">
    <subfield code="a">PASEO SOBRE EL AGUA. Cecil Balmod / Puente Peatonal Pedro e In&#xE9;s, Coimbra, Portugal, 2006. p. 90</subfield>
  </datafield>
  <datafield tag="505" ind1="0" ind2=" ">
    <subfield code="a">Elvira Fernandez y Sandra Ballesio / Alta en el cielo. El concurso de anteproyectos de 1940. Monumento Nacional a la Bandera. p. 96</subfield>
  </datafield>
  <datafield tag="505" ind1="0" ind2=" ">
    <subfield code="a">Di Peco / Grietas en la ciudad. p. 106</subfield>
  </datafield>
  <datafield tag="505" ind1="0" ind2=" ">
    <subfield code="a">O Gradyu / Una mirada a la arquitectura actual. p. 108</subfield>
  </datafield>
  <datafield tag="505" ind1="0" ind2=" ">
    <subfield code="a">Ciro Najle / Protocolos de Barrios cerrados. p. 110</subfield>
  </datafield>
  <datafield tag="505" ind1="0" ind2=" ">
    <subfield code="a">Iglesia Rafael / Golpe a golpe (Herrer&#xED;a Art-Deco y Art nouveau). p 116</subfield>
  </datafield>
  <datafield tag="505" ind1="0" ind2=" ">
    <subfield code="a">Fernando Diez / Encuentro con Saskia Sassen. Foro Holcim Shanghai 2007. p. 118</subfield>
  </datafield>
  <datafield tag="505" ind1="0" ind2=" ">
    <subfield code="a">Roberto Fern&#xE1;ndez / Utzon o el norte c&#xE1;lido. p. 123</subfield>
  </datafield>
  <datafield tag="505" ind1="0" ind2=" ">
    <subfield code="a">Mario Sabugo / Devorame otra vez. p. 126</subfield>
  </datafield>
  <datafield tag="505" ind1="0" ind2=" ">
    <subfield code="a">Eladio Dieste, Iglesia de Atl&#xE1;ntida, Uruguay, 1958. p.126</subfield>
  </datafield>
  <datafield tag="505" ind1="0" ind2=" ">
    <subfield code="a">Oscar Niemeyer / Casa do baile Pampulha, Minas Gerais, Brasil, 1942. p. 126</subfield>
  </datafield>
  <datafield tag="505" ind1="0" ind2=" ">
    <subfield code="t">POST-SCRIPTUM</subfield>
  </datafield>
  <datafield tag="505" ind1="0" ind2=" ">
    <subfield code="a">Zein Ruth Verde / Sobre Arquitectura: un cl&#xE1;sico que naci&#xF3; impertinente. p. 128</subfield>
  </datafield>
  <datafield tag="650" ind1=" " ind2=" ">
    <subfield code="a">Arquitectura contempor&#xE1;nea</subfield>
  </datafield>
  <datafield tag="650" ind1=" " ind2=" ">
    <subfield code="a">Espacio p&#xFA;blico</subfield>
    <subfield code="9">333</subfield>
  </datafield>
  <datafield tag="651" ind1=" " ind2=" ">
    <subfield code="a"> </subfield>
    <subfield code="9">24164</subfield>
  </datafield>
  <datafield tag="773" ind1="0" ind2=" ">
    <subfield code="a">Summa+</subfield>
    <subfield code="d">Buenos Aires, Argentina</subfield>
    <subfield code="g">N&#xBA;89 (sep-nov 2007), p. 128</subfield>
    <subfield code="x">0327-9022</subfield>
  </datafield>
  <datafield tag="908" ind1=" " ind2=" ">
    <subfield code="a">Imp</subfield>
  </datafield>
  <datafield tag="942" ind1=" " ind2=" ">
    <subfield code="2">udc</subfield>
    <subfield code="c">ART</subfield>
  </datafield>
  <datafield tag="945" ind1=" " ind2=" ">
    <subfield code="a">MBP</subfield>
    <subfield code="d">2022-07-08</subfield>
  </datafield>
  <datafield tag="980" ind1=" " ind2=" ">
    <subfield code="8">5</subfield>
    <subfield code="g">Mar&#xED;a Machado</subfield>
    <subfield code="6">1</subfield>
    <subfield code="a">MBP</subfield>
  </datafield>
  <datafield tag="999" ind1=" " ind2=" ">
    <subfield code="c">12062</subfield>
    <subfield code="d">12062</subfield>
  </datafield>
  <datafield tag="952" ind1=" " ind2=" ">
    <subfield code="0">0</subfield>
    <subfield code="1">0</subfield>
    <subfield code="2">udc</subfield>
    <subfield code="4">0</subfield>
    <subfield code="5">0</subfield>
    <subfield code="7">0</subfield>
    <subfield code="a">AR-RoUNA</subfield>
    <subfield code="b">AR-RoUNA</subfield>
    <subfield code="c">Heme</subfield>
    <subfield code="d">2025-08-06</subfield>
    <subfield code="e">Com</subfield>
    <subfield code="l">0</subfield>
    <subfield code="p">1002716</subfield>
    <subfield code="r">2025-08-06</subfield>
    <subfield code="t">ej. 1</subfield>
    <subfield code="w">2025-08-06</subfield>
    <subfield code="y">ART</subfield>
    <subfield code="k">k 6</subfield>
    <subfield code="x"></subfield>
  </datafield>
</record>
